| 000 | 00862nam-a2200217-a-4500 | ||
|---|---|---|---|
| 001 | YSU0068922 | ||
| 003 | AM-YeHGA | ||
| 005 | 20250617161015.0 | ||
| 008 | 991029s1962 xxu 000 0 rus u | ||
| 040 | _aAM-YeHGA | ||
| 100 | 1 | 0 | _aЧернов, Георгий Александрович |
| 245 | 1 | 0 |
_aДевонские отложения восточной части Большеземельской тундры / _cГ.А. Чернов ; Отв. ред. В.А. Варсанофьева |
| 260 |
_aЛ., _aМосква : _bНаука , _c1962. |
||
| 300 | _a118 с. | ||
| 550 | _aАН СССР. Коми филиал | ||
| 650 | 4 | _aБольшеземельские тундры | |
| 650 | 4 | _aПалеозой | |
| 700 | 1 |
_aВарсанофьева, В.А. _4edt |
|
| 710 | 2 | _aИн-т геологии Коми фил. АН СССР | |
| 090 | _c467165 | ||
| 999 |
_c463975 _d463975 |
||